[Event "SM-2022-0-00479"]
[Site "LSS email"]
[Date "2022.08.28"]
[Round "?"]
[White "Cvak, Rudolf"]
[Black "Dziedzina, Michael"]
[Result "1/2-1/2"]
[WhiteElo "2297"]
[BlackElo "2271"]
[PlyCount "73"]
[EventDate "2022.07.30"]
[EventType "tourn (corr)"]
[EventRounds "6"]
[EventCountry "GER"]
[SourceTitle "Corr 2024"]
[Source "ChessBase"]
[SourceDate "2023.10.19"]
[SourceVersion "1"]
[SourceVersionDate "2023.10.19"]
[SourceQuality "1"]

1. e4 e5 2. Nf3 Nf6 3. Nxe5 d6 4. Nf3 Nxe4 5. Nc3 Nxc3 6. dxc3 Be7 7. Be3 Nd7 8. Qd2 0-0 9. 0-0-0 Nf6 10. Bd3 Re8 11. Rhe1 Bg4 12. Bg5 c6 13. Qf4 Be6 14. h4 d5 15. Nd4 Bd6 16. Qf3 h6 17. Nxe6 Rxe6 18. Rxe6 fxe6 19. Be3 Nd7 20. Qh3 Qf6 21. g4 Nc5 22. g5 Nxd3+ 23. Rxd3 Qf5 24. Qxf5 exf5 25. gxh6 f4 26. Bd2 b5 27. hxg7 Kxg7 28. b3 Be5 29. Rf3 Rf8 30. c4 dxc4 31. bxc4 bxc4 32. Bc3 Bxc3 33. Rxc3 Kh6 34. Rxc4 Kh5 35. Rxc6 Kxh4 36. Rg6 Kh5 37. Rg1 1/2-1/2

[Event "SM-2022-0-00479"]
[Site "LSS email"]
[Date "2022.08.28"]
[Round "?"]
[White "Ozen, Bahadir"]
[Black "Dziedzina, Michael"]
[Result "1/2-1/2"]
[WhiteElo "2245"]
[BlackElo "2271"]
[PlyCount "62"]
[EventDate "2022.07.30"]
[EventType "tourn (corr)"]
[EventRounds "6"]
[EventCountry "GER"]
[SourceTitle "Corr 2024"]
[Source "ChessBase"]
[SourceDate "2023.10.19"]
[SourceVersion "1"]
[SourceVersionDate "2023.10.19"]
[SourceQuality "1"]

1. d4 Nf6 2. c4 e6 3. Nf3 Be7 4. Nc3 d5 5. Bf4 0-0 6. e3 Nbd7 7. Be2 dxc4 8. Bxc4 a6 9. a4 c5 10. 0-0 cxd4 11. Qxd4 Nb6 12. Bb3 Qxd4 13. Nxd4 Bd7 14. a5 Nbd5 15. Nxd5 Nxd5 16. Bxd5 exd5 17. Bc7 Rfc8 18. Rac1 Re8 19. Bb6 Rac8 20. Rfd1 Rxc1 21. Rxc1 Rc8 22. Rxc8+ Bxc8 23. Nb3 Kf8 24. Kf1 Ke8 25. Bc5 Bd8 26. Bb6 Bh4 27. g3 Be7 28. Bc5 Bd8 29. Bb6 Be7 30. Bc5 Bd8 31. Bb6 Be7 1/2-1/2

[Event "SM-2021-0-00453"]
[Site "LSS email"]
[Date "2021.11.15"]
[Round "?"]
[White "Lebedev, Aleksandr V"]
[Black "Dziedzina, Michael"]
[Result "1/2-1/2"]
[WhiteElo "2226"]
[BlackElo "2306"]
[PlyCount "74"]
[EventDate "2021.07.25"]
[EventType "tourn (corr)"]
[EventRounds "6"]
[EventCountry "GER"]
[SourceTitle "Corr 2024"]
[Source "ChessBase"]
[SourceDate "2023.10.19"]
[SourceVersion "1"]
[SourceVersionDate "2023.10.19"]
[SourceQuality "1"]

1. e4 e5 2. Bc4 Nf6 3. d3 c6 4. Nf3 d5 5. Bb3 Bb4+ 6. Bd2 Bxd2+ 7. Nbxd2 a5 8. c3 Nbd7 9. 0-0 0-0 10. Re1 Qc7 11. exd5 cxd5 12. c4 d4 13. c5 Nxc5 14. Nxe5 Nxb3 15. Nxb3 Qb6 16. Nc4 Qd8 17. h3 h6 18. Qf3 a4 19. Nc5 Qc7 20. Ne4 Ra6 21. Rac1 Rc6 22. Nxf6+ Rxf6 23. Qe4 Qd8 24. Ne5 Re8 25. Rc4 Rfe6 26. Rec1 Bd7 27. f4 f6 28. Qd5 fxe5 29. f5 Qg5 30. Qxd7 Qxf5 31. Rc8 Qg6 32. Rxe8+ Rxe8 33. Qxa4 Re6 34. Qb3 e4 35. dxe4 Qxe4 36. Rc7 Kh7 37. Qf3 Qxf3 1/2-1/2

[Event "SM-2021-0-00445"]
[Site "LSS email"]
[Date "2021.05.12"]
[Round "?"]
[White "Usmanoff, Rustam"]
[Black "Dziedzina, Michael"]
[Result "1/2-1/2"]
[WhiteElo "2198"]
[BlackElo "2307"]
[PlyCount "56"]
[EventDate "2021.03.03"]
[EventType "tourn (corr)"]
[EventRounds "6"]
[EventCountry "GER"]
[SourceTitle "Corr 2024"]
[Source "ChessBase"]
[SourceDate "2023.10.19"]
[SourceVersion "1"]
[SourceVersionDate "2023.10.19"]
[SourceQuality "1"]

1. e4 c5 2. Nf3 d6 3. d4 cxd4 4. Nxd4 Nf6 5. Nc3 a6 6. Be3 Ng4 7. Bg5 h6 8. Bh4 g5 9. Bg3 Bg7 10. h3 Ne5 11. f3 Nbc6 12. Bf2 Be6 13. Qd2 Rc8 14. 0-0-0 Nxd4 15. Bxd4 Qa5 16. a3 0-0 17. h4 g4 18. Qe3 Nc4 19. Bxc4 Rxc4 20. Bxg7 Kxg7 21. fxg4 Qc5 22. Rhe1 Qxe3+ 23. Rxe3 Bxg4 24. Rg3 h5 25. b3 Rxc3 26. Rxc3 Bxd1 27. Kxd1 Kf6 28. Ke2 b5 1/2-1/2

[Event "WC-2015-Q-00003"]
[Site "LSS email"]
[Date "2015.09.08"]
[Round "?"]
[White "Dziedzina, Michael"]
[Black "Mueller Alves, Martin"]
[Result "1/2-1/2"]
[WhiteElo "2316"]
[BlackElo "2465"]
[PlyCount "73"]
[EventDate "2015.09.15"]
[EventType "tourn (corr)"]
[EventRounds "12"]
[EventCountry "GER"]
[SourceTitle "Corr 2022"]
[Source "ChessBase"]
[SourceDate "2021.10.24"]
[SourceVersion "1"]
[SourceVersionDate "2021.10.24"]
[SourceQuality "1"]

1. e4 c5 2. Nf3 d6 3. d4 cxd4 4. Nxd4 Nf6 5. Nc3 a6 6. Bg5 e6 7. f4 Nbd7 8. Qe2 Qc7 9. 0-0-0 b5 10. a3 Be7 11. g4 h6 12. Bh4 Bb7 13. Kb1 Rc8 14. Rg1 g5 15. fxg5 hxg5 16. Bxg5 Qb6 17. Qe1 b4 18. axb4 Qxb4 19. h3 Rc5 20. Bc1 Rxc3 21. Qxc3 Qxc3 22. bxc3 Nxe4 23. Bb2 Nf2 24. Rd2 Ne4 25. Re2 Nb6 26. Ka1 Na4 27. Bg2 d5 28. c4 Bf6 29. cxd5 Nec3 30. Rd2 Nxb2 31. Kxb2 Ne2 32. Rf1 Bxd4+ 33. Kb3 Nc1+ 34. Rxc1 Be3 35. Kc3 Bxd2+ 36. Kxd2 Bxd5 37. Bf1 1/2-1/2

[Event "WC-2015-Q-00003"]
[Site "LSS email"]
[Date "2015.09.08"]
[Round "?"]
[White "Dziedzina, Michael"]
[Black "Tinture, Laurent"]
[Result "0-1"]
[WhiteElo "2316"]
[BlackElo "2315"]
[PlyCount "90"]
[EventDate "2015.09.15"]
[EventType "tourn (corr)"]
[EventRounds "12"]
[EventCountry "GER"]
[SourceTitle "Corr 2022"]
[Source "ChessBase"]
[SourceDate "2021.10.24"]
[SourceVersion "1"]
[SourceVersionDate "2021.10.24"]
[SourceQuality "1"]

1. e4 c5 2. Nf3 Nc6 3. d4 cxd4 4. Nxd4 Nf6 5. Nc3 e5 6. Ndb5 d6 7. Bg5 a6 8. Na3 b5 9. Bxf6 gxf6 10. Nd5 f5 11. Bd3 Be6 12. 0-0 Bxd5 13. exd5 Ne7 14. Nxb5 Bg7 15. Nc3 e4 16. Bc4 0-0 17. Qh5 Qc7 18. Bb3 Bxc3 19. bxc3 f4 20. c4 f5 21. Kh1 Ng6 22. Rae1 a5 23. a4 Rae8 24. Qd1 Qc5 25. Qd2 Re7 26. Re2 Rg7 27. Qc1 Kh8 28. f3 e3 29. Qa1 h5 30. Qb2 h4 31. h3 Kh7 32. Ba2 Kh6 33. Rd1 Rgg8 34. Bb3 Ne5 35. Rd4 Kg5 36. Qc3 Nd7 37. Rd1 Nf6 38. Ba2 Nh5 39. Ree1 Ng3+ 40. Kg1 e2+ 41. Rd4 Re8 42. Qd2 Re3 43. c3 Kf6 44. Bb1 Rxf3 45. Bd3 Qa7 0-1

[Event "WC-2015-Q-00003"]
[Site "LSS email"]
[Date "2015.09.08"]
[Round "?"]
[White "Mueller Alves, Martin"]
[Black "Dziedzina, Michael"]
[Result "1/2-1/2"]
[WhiteElo "2465"]
[BlackElo "2316"]
[PlyCount "62"]
[EventDate "2015.09.15"]
[EventType "tourn (corr)"]
[EventRounds "12"]
[EventCountry "GER"]
[SourceTitle "Corr 2022"]
[Source "ChessBase"]
[SourceDate "2021.10.24"]
[SourceVersion "1"]
[SourceVersionDate "2021.10.24"]
[SourceQuality "1"]

1. e4 e5 2. Nf3 Nf6 3. Nxe5 d6 4. Nf3 Nxe4 5. d4 d5 6. Bd3 Be7 7. 0-0 Nc6 8. c4 Nb4 9. Be2 0-0 10. Nc3 Bf5 11. a3 Nxc3 12. bxc3 Nc6 13. Re1 Re8 14. cxd5 Qxd5 15. Bf4 Rac8 16. Bd3 Qd7 17. Rb1 b6 18. d5 Bxd3 19. Qxd3 Bxa3 20. Ng5 g6 21. Ne4 Qf5 22. Bxc7 Rxc7 23. Nf6+ Qxf6 24. Rxe8+ Kg7 25. dxc6 Bc5 26. Rf1 Rxc6 27. Qd8 Rd6 28. Rg8+ Kh6 29. Qxf6 Rxf6 30. Re8 a5 31. Re2 a4 1/2-1/2

[Event "WC-2014-Q-00004"]
[Site "LSS email"]
[Date "2014.11.12"]
[Round "?"]
[White "Dziedzina, Michael"]
[Black "Morcin, Tom"]
[Result "1/2-1/2"]
[WhiteElo "2324"]
[BlackElo "2232"]
[PlyCount "48"]
[EventDate "2014.11.20"]
[EventType "tourn (corr)"]
[EventRounds "12"]
[EventCountry "GER"]
[SourceTitle "Corr 2022"]
[Source "ChessBase"]
[SourceDate "2021.10.24"]
[SourceVersion "1"]
[SourceVersionDate "2021.10.24"]
[SourceQuality "1"]

1. e4 e5 2. Nf3 Nc6 3. Bb5 Nf6 4. Nc3 Bb4 5. 0-0 0-0 6. d3 d6 7. Bg5 Bxc3 8. bxc3 h6 9. Bh4 Bd7 10. h3 a6 11. Bc4 Na5 12. Bb3 Re8 13. Qd2 Nxb3 14. cxb3 Re6 15. Rfe1 Qe8 16. Bxf6 Rxf6 17. Re3 Re6 18. Rae1 Qe7 19. d4 Rc8 20. Qd3 c5 21. dxe5 dxe5 22. Rd1 Bc6 23. c4 b6 24. a4 Re8 1/2-1/2

[Event "WC-2014-Q-00004"]
[Site "LSS email"]
[Date "2014.11.12"]
[Round "?"]
[White "Dziedzina, Michael"]
[Black "Perez, Brigiliano"]
[Result "1/2-1/2"]
[WhiteElo "2324"]
[BlackElo "2462"]
[PlyCount "53"]
[EventDate "2014.11.20"]
[EventType "tourn (corr)"]
[EventRounds "12"]
[EventCountry "GER"]
[SourceTitle "Corr 2022"]
[Source "ChessBase"]
[SourceDate "2021.10.24"]
[SourceVersion "1"]
[SourceVersionDate "2021.10.24"]
[SourceQuality "1"]

1. e4 e5 2. Nf3 Nc6 3. d4 exd4 4. Nxd4 Bb4+ 5. c3 Bc5 6. Be3 Bb6 7. Qg4 Nf6 8. Qxg7 Rg8 9. Qh6 d5 10. Bb5 Rg6 11. Qf4 Bd7 12. Bxc6 bxc6 13. Nd2 Qe7 14. Nf5 Bxf5 15. Qxf5 Bxe3 16. fxe3 Rxg2 17. 0-0-0 Qe6 18. Qf3 Rg6 19. exd5 cxd5 20. Nb3 0-0-0 21. Nc5 Qe7 22. b4 c6 23. Rhf1 Nd7 24. Nxd7 Rxd7 25. e4 Qxe4 26. Qxe4 dxe4 27. Rxd7 1/2-1/2

[Event "WC-2014-Q-00004"]
[Site "LSS email"]
[Date "2014.11.12"]
[Round "?"]
[White "Dziedzina, Michael"]
[Black "Tinture, Laurent"]
[Result "1-0"]
[WhiteElo "2324"]
[BlackElo "2315"]
[PlyCount "57"]
[EventDate "2014.11.20"]
[EventType "tourn (corr)"]
[EventRounds "12"]
[EventCountry "GER"]
[SourceTitle "Corr 2022"]
[Source "ChessBase"]
[SourceDate "2021.10.24"]
[SourceVersion "1"]
[SourceVersionDate "2021.10.24"]
[SourceQuality "1"]

1. e4 c5 2. Nf3 Nc6 3. d4 cxd4 4. Nxd4 Nf6 5. Nc3 e5 6. Ndb5 d6 7. Bg5 a6 8. Na3 b5 9. Nd5 Be7 10. Bxf6 gxf6 11. c4 b4 12. Nc2 a5 13. Qh5 0-0 14. g3 Kh8 15. Bh3 Ra7 16. Bxc8 Qxc8 17. Rd1 Rg8 18. 0-0 Qe6 19. Qf3 Rg6 20. Rd3 Bd8 21. Rfd1 Rd7 22. b3 Rg5 23. h4 Rg6 24. Nce3 Nd4 25. Qh5 Qe8 26. Nf5 Nxf5 27. exf5 Rg8 28. Ne3 Be7 29. c5 1-0

[Event "WC-2014-Q-00004"]
[Site "LSS email"]
[Date "2014.11.12"]
[Round "?"]
[White "Sacerdotali, Sergio"]
[Black "Dziedzina, Michael"]
[Result "1/2-1/2"]
[WhiteElo "2215"]
[BlackElo "2324"]
[PlyCount "128"]
[EventDate "2014.11.20"]
[EventType "tourn (corr)"]
[EventRounds "12"]
[EventCountry "GER"]
[SourceTitle "Corr 2022"]
[Source "ChessBase"]
[SourceDate "2021.10.24"]
[SourceVersion "1"]
[SourceVersionDate "2021.10.24"]
[SourceQuality "1"]

1. d4 Nf6 2. c4 c6 3. Nf3 d5 4. Nc3 e6 5. e3 Nbd7 6. Qc2 b6 7. Bd3 Bb7 8. 0-0 Be7 9. b3 0-0 10. Bb2 Rc8 11. Rad1 c5 12. cxd5 exd5 13. dxc5 Nxc5 14. Bf5 Ne6 15. Nd4 Nxd4 16. Rxd4 Rc7 17. Qb1 g6 18. Rfd1 Bc5 19. Rh4 a6 20. Na4 Ne8 21. Rg4 Nf6 22. Nxc5 bxc5 23. Rg3 Qe7 24. Qa1 Ne4 25. Bxe4 Qxe4 26. Bg7 Rfc8 27. Bh6 f5 28. Bf4 Rc6 29. h4 h5 30. f3 Qe6 31. Rg5 Rb6 32. Be5 Qe8 33. f4 Re6 34. Qb1 Kh7 35. Qb2 Qc6 36. Qe2 Rf8 37. Rf1 Qb5 38. Qc2 Qc6 39. Rf3 Rf7 40. Qc3 Rd7 41. Rfg3 Qc8 42. Kh2 Rf7 43. Qb2 Qf8 44. Qd2 Bc6 45. Qd3 Ra7 46. Bb2 Ba8 47. Qd1 Rc7 48. Qd2 Qe7 49. Be5 Ra7 50. Qd3 Qf8 51. Bb2 Rd7 52. Ba3 Bb7 53. Qd1 Rg7 54. Qb1 Rc7 55. Qc2 Ba8 56. Qe2 Bb7 57. Bb2 d4 58. Qd1 dxe3 59. Qe2 Rd7 60. Be5 Be4 61. Qxe3 Rc6 62. Qg1 Qf7 63. Re3 Qd5 64. Qf2 Rd8 1/2-1/2

[Event "WC-2014-S-00003"]
[Site "LSS email"]
[Date "2014.10.12"]
[Round "?"]
[White "Dziedzina, Michael"]
[Black "Zielinski, Sergej"]
[Result "1/2-1/2"]
[WhiteElo "2310"]
[BlackElo "2297"]
[PlyCount "53"]
[EventDate "2014.10.15"]
[EventType "tourn (corr)"]
[EventRounds "12"]
[EventCountry "GER"]
[SourceTitle "Corr 2024"]
[Source "ChessBase"]
[SourceDate "2023.10.19"]
[SourceVersion "1"]
[SourceVersionDate "2023.10.19"]
[SourceQuality "1"]

1. e4 e5 2. Nf3 Nc6 3. d4 exd4 4. Nxd4 Bc5 5. Nb3 Bb6 6. Nc3 Nf6 7. Bg5 h6 8. Bh4 d6 9. Qe2 0-0 10. 0-0-0 Be6 11. Kb1 Re8 12. f3 a5 13. Na4 Ba7 14. Qe1 Ne5 15. Nxa5 Bb6 16. Bxf6 Qxf6 17. Nxb6 Bxa2+ 18. Kxa2 cxb6 19. Rd5 Rxa5+ 20. Rxa5 bxa5 21. Qxa5 Qf4 22. Qe1 d5 23. Kb1 Nc6 24. Bd3 d4 25. Bb5 Ra8 26. Bxc6 bxc6 27. Qb4 1/2-1/2

[Event "WC-2014-S-00003"]
[Site "LSS email"]
[Date "2014.10.12"]
[Round "?"]
[White "Zolendowski, Cesary"]
[Black "Dziedzina, Michael"]
[Result "1/2-1/2"]
[WhiteElo "2318"]
[BlackElo "2310"]
[PlyCount "85"]
[EventDate "2014.10.15"]
[EventType "tourn (corr)"]
[EventRounds "12"]
[EventCountry "GER"]
[SourceTitle "Corr 2024"]
[Source "ChessBase"]
[SourceDate "2023.10.19"]
[SourceVersion "1"]
[SourceVersionDate "2023.10.19"]
[SourceQuality "1"]

1. e4 e5 2. Nf3 Nf6 3. Nxe5 d6 4. Nf3 Nxe4 5. d4 d5 6. Bd3 Nc6 7. 0-0 Be7 8. c4 Nb4 9. Be2 0-0 10. a3 Nc6 11. cxd5 Qxd5 12. Nc3 Nxc3 13. bxc3 Bf5 14. Bf4 Rfe8 15. Re1 Rac8 16. h3 Be4 17. Qa4 h6 18. Bg3 Bd6 19. Ne5 Bxe5 20. dxe5 Bf5 21. f4 Qd2 22. Rac1 Rcd8 23. Bb5 Qb2 24. Bxc6 bxc6 25. Qb4 Qa2 26. Bf2 Rd3 27. Ra1 Qd2 28. Qa4 Rxc3 29. Rad1 Qa2 30. Qxa7 Rc4 31. Qxc7 Rxf4 32. Bg3 Re4 33. Qxc6 Rc8 34. Qd5 Rxe1+ 35. Bxe1 Qxa3 36. Kh2 Qe3 37. Bd2 Qf2 38. Rc1 Rb8 39. Rc4 Rb3 40. Bc3 Be6 41. Qd8+ Kh7 42. Qd3+ Bf5 43. Qd4 1/2-1/2

[Event "CP-2014-P-00011"]
[Site "LSS email"]
[Date "2014.09.30"]
[Round "?"]
[White "Dziedzina, Michael"]
[Black "Cvak, Rudolf"]
[Result "1/2-1/2"]
[WhiteElo "2311"]
[BlackElo "1720"]
[PlyCount "52"]
[EventDate "2014.10.01"]
[EventType "tourn (corr)"]
[EventRounds "6"]
[EventCountry "GER"]
[SourceTitle "Corr 2022"]
[Source "ChessBase"]
[SourceDate "2021.10.24"]
[SourceVersion "1"]
[SourceVersionDate "2021.10.24"]
[SourceQuality "1"]

1. e4 c5 2. Nf3 d6 3. d4 cxd4 4. Nxd4 Nf6 5. Nc3 g6 6. Be3 Bg7 7. f3 0-0 8. Qd2 Nc6 9. 0-0-0 d5 10. exd5 Nxd5 11. Nxc6 bxc6 12. Bd4 e5 13. Bc5 Be6 14. Ne4 Re8 15. h4 Nf4 16. g3 Nh5 17. Qc3 Bh6+ 18. Be3 Bxe3+ 19. Qxe3 Qe7 20. g4 Nf6 21. Nxf6+ Qxf6 22. g5 Qf4 23. Qxf4 exf4 24. Rd4 Rad8 25. Rxf4 Bxa2 26. Bc4 Bxc4 1/2-1/2

[Event "CP-2014-P-00011"]
[Site "LSS email"]
[Date "2014.09.30"]
[Round "?"]
[White "Hillebrand, Carsten"]
[Black "Dziedzina, Michael"]
[Result "0-1"]
[WhiteElo "1822"]
[BlackElo "2311"]
[PlyCount "80"]
[EventDate "2014.10.01"]
[EventType "tourn (corr)"]
[EventRounds "6"]
[EventCountry "GER"]
[SourceTitle "Corr 2022"]
[Source "ChessBase"]
[SourceDate "2021.10.24"]
[SourceVersion "1"]
[SourceVersionDate "2021.10.24"]
[SourceQuality "1"]

1. c4 Nf6 2. g3 e6 3. Bg2 d5 4. Nf3 Be7 5. 0-0 0-0 6. d4 dxc4 7. Qc2 a6 8. Qxc4 b5 9. Qc2 Bb7 10. Bd2 Be4 11. Qc1 c6 12. Rd1 Nbd7 13. Nc3 Bg6 14. a3 Rc8 15. Bg5 h6 16. Bxf6 Bxf6 17. Qe3 Nb6 18. Ne4 Bxe4 19. Qxe4 Na4 20. Rd2 c5 21. e3 Qa5 22. Rad1 Rfd8 23. Ne5 Bxe5 24. Qxe5 c4 25. Rc2 c3 26. b4 Qb6 27. Qh5 Qc7 28. Rdc1 Qc4 29. Qe5 Rd7 30. f4 Qb3 31. f5 exf5 32. Qxf5 Rcd8 33. Be4 g6 34. Qe5 Qxa3 35. Bc6 Rd6 36. Qe7 Qb3 37. d5 Rxd5 38. Bxd5 Qxd5 39. Rf2 Rd7 40. Qe8+ Kg7 0-1

[Event "WC-2013-Q-00010"]
[Site "LSS email"]
[Date "2013.10.22"]
[Round "?"]
[White "Albuquerque, Wellington"]
[Black "Dziedzina, Michael"]
[Result "1/2-1/2"]
[WhiteElo "2246"]
[BlackElo "2292"]
[PlyCount "50"]
[EventDate "2013.10.27"]
[EventType "tourn (corr)"]
[EventRounds "12"]
[EventCountry "GER"]
[SourceTitle "Corr 2022"]
[Source "ChessBase"]
[SourceDate "2021.10.24"]
[SourceVersion "1"]
[SourceVersionDate "2021.10.24"]
[SourceQuality "1"]

1. c4 Nf6 2. g3 c6 3. Bg2 d5 4. Nf3 dxc4 5. 0-0 Nbd7 6. Na3 Nb6 7. Qc2 g6 8. Nxc4 Nxc4 9. Qxc4 Bg7 10. d3 0-0 11. Bd2 a5 12. Qc2 a4 13. e4 Bg4 14. Be3 Nd7 15. d4 a3 16. h3 Bxf3 17. Bxf3 c5 18. Rfd1 Qc8 19. Qc3 Rd8 20. Rab1 cxd4 21. Bxd4 Bxd4 22. Rxd4 axb2 23. Qxb2 Nc5 24. Rxd8+ Qxd8 25. Rd1 Qa5 1/2-1/2

[Event "WC-2013-Q-00010"]
[Site "LSS email"]
[Date "2013.10.22"]
[Round "?"]
[White "Dziedzina, Michael"]
[Black "Albuquerque, Wellington"]
[Result "1/2-1/2"]
[WhiteElo "2292"]
[BlackElo "2246"]
[PlyCount "83"]
[EventDate "2013.10.27"]
[EventType "tourn (corr)"]
[EventRounds "12"]
[EventCountry "GER"]
[SourceTitle "Corr 2022"]
[Source "ChessBase"]
[SourceDate "2021.10.24"]
[SourceVersion "1"]
[SourceVersionDate "2021.10.24"]
[SourceQuality "1"]

1. e4 c5 2. Nf3 d6 3. d4 cxd4 4. Nxd4 Nf6 5. Nc3 a6 6. Bg5 e6 7. f4 h6 8. Bh4 Be7 9. Qf3 Nbd7 10. 0-0-0 Qc7 11. Be2 b5 12. Bxf6 Nxf6 13. e5 Bb7 14. Qg3 dxe5 15. fxe5 Nd5 16. Nxe6 fxe6 17. Qg6+ Kd7 18. Bg4 Qxe5 19. Nxd5 Qg5+ 20. Qxg5 Bxg5+ 21. Kb1 Bxd5 22. Rxd5+ Kc7 23. Rc5+ Kb6 24. Re5 Rhe8 25. Rhe1 Rad8 26. Rxe6+ Rxe6 27. Rxe6+ Ka7 28. Be2 Rb8 29. c3 Rb6 30. Re4 Rb7 31. a4 Re7 32. Rxe7+ Bxe7 33. axb5 a5 34. Kc2 Kb6 35. h3 Kc5 36. b3 Bf6 37. c4 Bh4 38. Bh5 Bf6 39. Bf7 Be5 40. g4 Bf6 41. Kd3 Bg5 42. Bd5 1/2-1/2

[Event "WC-2013-Q-00010"]
[Site "LSS email"]
[Date "2013.10.22"]
[Round "?"]
[White "Dziedzina, Michael"]
[Black "Borisovs, Leonids"]
[Result "1/2-1/2"]
[WhiteElo "2292"]
[BlackElo "2258"]
[PlyCount "72"]
[EventDate "2013.10.27"]
[EventType "tourn (corr)"]
[EventRounds "12"]
[EventCountry "GER"]
[SourceTitle "Corr 2022"]
[Source "ChessBase"]
[SourceDate "2021.10.24"]
[SourceVersion "1"]
[SourceVersionDate "2021.10.24"]
[SourceQuality "1"]

1. e4 c6 2. c4 d5 3. exd5 cxd5 4. d4 Nf6 5. Nc3 e6 6. Nf3 Be7 7. cxd5 Nxd5 8. Bd3 Nc6 9. 0-0 0-0 10. a3 Bf6 11. Re1 Bd7 12. Be3 Nce7 13. Ne4 Bc6 14. Rc1 Rc8 15. Nxf6+ Nxf6 16. Qe2 Bxf3 17. Qxf3 Qd5 18. Qxd5 Nfxd5 19. Kf1 Rfd8 20. g3 h6 21. Be4 f5 22. Bg2 Kf7 23. Ke2 Rc6 24. Rc5 g5 25. h4 gxh4 26. gxh4 f4 27. Bxd5 Rxc5 28. dxc5 Nxd5 29. Bd4 Ne7 30. Bc3 Rd5 31. Kf3 Ng6 32. Re4 Nxh4+ 33. Kg4 Ng6 34. Ra4 h5+ 35. Kf3 Rxc5 36. Rxa7 Rb5 1/2-1/2

[Event "BI-2012-F-00005"]
[Site "LSS email"]
[Date "2013.02.15"]
[Round "?"]
[White "Dziedzina, Michael"]
[Black "Frijling, Jeroen"]
[Result "1-0"]
[WhiteElo "2223"]
[BlackElo "2107"]
[PlyCount "187"]
[EventDate "2013.02.20"]
[EventType "tourn (corr)"]
[EventRounds "10"]
[EventCountry "GER"]
[SourceTitle "Telechess CBM 163"]
[Source "ChessBase"]
[SourceDate "2014.11.11"]
[SourceVersion "2"]
[SourceVersionDate "2014.11.11"]
[SourceQuality "1"]

1. e4 c5 2. Nf3 Nc6 3. Bb5 g6 4. 0-0 Bg7 5. Bxc6 bxc6 6. Re1 Nh6 7. c3 0-0 8. d4 cxd4 9. cxd4 d6 10. h3 f6 11. Qc2 Qd7 12. Be3 Nf7 13. Nbd2 Qb7 14. Rac1 Bd7 15. Nc4 Rac8 16. a3 d5 17. Na5 Qb5 18. b4 Rfe8 19. Nd2 e5 20. Ndb3 Bf8 21. Qd1 exd4 22. Nxd4 Qa6 23. exd5 c5 24. Ndc6 cxb4 25. axb4 Bxb4 26. Nxb4 Qxa5 27. Qd4 Qb6 28. Rxc8 Rxc8 29. Qxb6 axb6 30. Bxb6 Ne5 31. f4 Nc4 32. Bf2 Kf7 33. Na6 Nd6 34. Bc5 Re8 35. Rb1 Nb5 36. d6 h6 37. Kh2 Bc6 38. Rb2 Rd8 39. Rd2 h5 40. Bb4 Be8 41. Nc7 Bc6 42. Rc2 Na7 43. Na6 Be8 44. Rc7+ Rd7 45. Nc5 Rxc7 46. dxc7 Nc8 47. Kg3 Bc6 48. f5 gxf5 49. Nd3 h4+ 50. Kxh4 Bxg2 51. Kg3 Bb7 52. Bc5 Kg7 53. Kf4 Be4 54. Nc1 Bg2 55. h4 Kg6 56. Ne2 Kh5 57. Kg3 Bb7 58. Nf4+ Kh6 59. h5 Kh7 60. Ne6 Ba6 61. Nd4 Bd3 62. Bb4 Nb6 63. Be7 Ba6 64. Nxf5 Nd5 65. Bd8 Bb7 66. Ne7 Nb6 67. Kh4 Ba6 68. Nf5 Nd5 69. Nd6 Kh6 70. c8Q Bxc8 71. Nxc8 Nf4 72. Bxf6 Ng2+ 73. Kg4 Ne3+ 74. Kf3 Nd5 75. Be5 Kxh5 76. Ke4 Nb4 77. Na7 Kg6 78. Bd6 Nc2 79. Bc7 Nb4 80. Ba5 Na6 81. Kd5 Nb8 82. Kd6 Kf6 83. Nb5 Na6 84. Nd4 Kf7 85. Nc6 Kf6 86. Be1 Kf7 87. Bf2 Kf6 88. Kd7 Kf5 89. Kc8 Ke6 90. Kb7 Kd6 91. Kb6 Kd5 92. Bg1 Kd6 93. Bh2+ Kd5 94. Kb5 1-0

[Event "BI-2012-F-00005"]
[Site "LSS email"]
[Date "2013.02.15"]
[Round "?"]
[White "Dziedzina, Michael"]
[Black "Kazimierski, Tomasz"]
[Result "1-0"]
[WhiteElo "2293"]
[BlackElo "1901"]
[PlyCount "51"]
[EventDate "2013.02.20"]
[EventType "tourn (corr)"]
[EventRounds "10"]
[EventCountry "GER"]
[SourceTitle "Corr 2022"]
[Source "ChessBase"]
[SourceDate "2021.10.24"]
[SourceVersion "1"]
[SourceVersionDate "2021.10.24"]
[SourceQuality "1"]

1. e4 h6 2. d4 e6 3. Nf3 c5 4. d5 d6 5. c4 Nf6 6. Nc3 Be7 7. h3 0-0 8. Bd3 Nbd7 9. 0-0 b6 10. Re1 Qc7 11. Bc2 Ba6 12. Qd3 Rfd8 13. dxe6 fxe6 14. Bxh6 gxh6 15. e5 Nf8 16. exf6 Bxf6 17. Re4 h5 18. Rf4 Bxc3 19. bxc3 Qg7 20. Re1 Bb7 21. Nh4 Rd7 22. Re3 Qh6 23. Rg3+ Rg7 24. Qxd6 Rxg3 25. fxg3 Qg7 26. Bg6 1-0

[Event "BI-2012-F-00005"]
[Site "LSS email"]
[Date "2013.02.15"]
[Round "?"]
[White "Dziedzina, Michael"]
[Black "Nowak, Ireneusz"]
[Result "1-0"]
[WhiteElo "2223"]
[BlackElo "2089"]
[PlyCount "95"]
[EventDate "2013.02.20"]
[EventType "tourn (corr)"]
[EventRounds "10"]
[EventCountry "GER"]
[SourceTitle "Telechess CBM 163"]
[Source "ChessBase"]
[SourceDate "2014.11.11"]
[SourceVersion "2"]
[SourceVersionDate "2014.11.11"]
[SourceQuality "1"]

1. e4 c5 2. Nf3 d6 3. d4 cxd4 4. Nxd4 Nf6 5. Nc3 a6 6. Bg5 e6 7. f4 Be7 8. Qf3 Qc7 9. 0-0-0 Nbd7 10. g4 b5 11. Bxf6 Nxf6 12. g5 Nd7 13. h4 b4 14. Nce2 Bb7 15. Ng3 Rc8 16. Bh3 0-0 17. Kb1 Nc5 18. f5 d5 19. f6 dxe4 20. Qh5 Qxg3 21. Nf5 Qe5 22. Nh6+ Kh8 23. fxe7 gxh6 24. exf8Q+ Rxf8 25. Qxh6 Qg7 26. Qf6 Qxf6 27. gxf6 a5 28. Rhg1 Bd5 29. b3 Nb7 30. a3 Nd6 31. axb4 axb4 32. Kc1 Ra8 33. Bg4 e3 34. Rge1 Ne4 35. Rxe3 Nxf6 36. Rd4 Nxg4 37. Rxg4 Rb8 38. h5 f5 39. Rg1 f4 40. Rd3 h6 41. Rd4 f3 42. Rgg4 Rf8 43. Rdf4 Rxf4 44. Rxf4 e5 45. Rf6 Kg7 46. Rg6+ Kh7 47. Rb6 f2 48. Rf6 1-0